000
00296nam a2200121Ia 4500
008
190216s9999||||xx |||||||||||||| ||und||
100
_a
Kandaswami S
245
0
_a
Modern One Act Plays
260
_b
University Of Calicut
_c
1997
300
_a
120p
650
_a
English Prose
942
_c
BK
999
_c
13908
_d
13908